书目信息 |
| 题名: |
延缓衰老妙方520首
|
|
| 作者: | 张昱 编 | |
| 分册: | ||
| 出版信息: | 北京 科学技术文献出版社 2001 |
|
| 页数: | 393页 | |
| 开本: | 19cm | |
| 丛书名: | 《临床各科效方荟萃》 | |
| 单 册: | ||
| 中图分类: | R289.5 | |
| 科图分类: | ||
| 主题词: | 长寿--Chang Shou--验方 | |
| 电子资源: | ||
| ISBN: | 7-5023-3886-1 | |
| 000 | 00951nam 2200265 450 | |
| 001 | CAL 012006070090 | |
| 005 | 20061121111614.60 | |
| 010 | @a7-5023-3886-1@dCNY 20.00 | |
| 099 | @aCAL 012006070090 | |
| 100 | @a20060622d2001 em y0chiy0121 ea | |
| 101 | 0 | @achi |
| 102 | @aCN@b110000 | |
| 105 | @aafk z 000yy | |
| 200 | 1 | @a延缓衰老妙方520首@Ayan huan shuai lao miao fang 520 shou@f张昱等编@Fzhang yu deng bian |
| 210 | @a北京@c科学技术文献出版社@d2001 | |
| 215 | @a393页@d19cm | |
| 225 | 2 | @a《临床各科效方荟萃》@A《lin Chuang Ge Ke Xiao Fang Hui Cui 》 |
| 330 | @a本书汇集了中国古代医学典籍中具有延缓衰老、防病强身作用的方剂520首,采用“以法统方”的方法,将其分为补气类、补血类、气血双补类、补阴类、补阳类及阴阳双补类六章。 | |
| 410 | 0 | @12001 @a《临床各科效方荟萃》 |
| 606 | 0 | @a长寿@AChang Shou@x验方 |
| 690 | @aR289.5@v4 | |
| 701 | 0 | @a张昱@Azhang yu@4编 |
| 801 | @aCN@c20061121 | |
| 905 | @a10447@dR289.5@eZ239 | |
| 998 | @aNJNU | |
| 延缓衰老妙方520首/张昱等编.-北京:科学技术文献出版社,2001 |
| 393页;19cm.-(《临床各科效方荟萃》) |
| ISBN 7-5023-3886-1:CNY 20.00 |
| 本书汇集了中国古代医学典籍中具有延缓衰老、防病强身作用的方剂520首,采用“以法统方”的方法,将其分为补气类、补血类、气血双补类、补阴类、补阳类及阴阳双补类六章。 |
| ● |
| 相关链接 |
|
|
|
正题名:延缓衰老妙方520首
索取号:R289.5/Z239
 
预约/预借
| 序号 | 登录号 | 条形码 | 馆藏地/架位号 | 状态 | 备注 |
| 1 | 613680 | 206136803 | 自科库401/401自科库 13排2列4层/ [索取号:R289.5/Z239] | 在馆 | |
| 2 | 613681 | 206136812 | 自科库401/401自科库 13排2列4层/ [索取号:R289.5/Z239] | 在馆 | |
| 3 | 613682 | 206136821 | 自科库401/401自科库 13排2列4层/ [索取号:R289.5/Z239] | 在馆 |